Inocencio III y el Sacro-Romano Imperio / (Record no. 122373)

MARC details
000 -LEADER
campo de control de longitud fija 00519nam a2200169 4500
001 - NÚMERO DE CONTROL
campo de control 122373
003 - IDENTIFICADOR DE NÚMERO DE CONTROL
campo de control ES-MaACL
005 - FECHA Y HORA DE LA ÚLTIMA TRANSACCIÓN
campo de control 20230906191950.0
007 - CAMPO FIJO DE DESCRIPCIÓN FÍSICA--INFORMACIÓN GENERAL
campo de control de longitud fija t|
008 - DATOS DE LONGITUD FIJA--INFORMACIÓN GENERAL
campo de control de longitud fija 070214s1982 sp r ||||1| spa d
100 1# - ENTRADA PRINCIPAL--NOMBRE DE PERSONA
Nombre de persona Prieto Prieto, Alfonso.
9 (RLIN) 93941
245 10 - MENCIÓN DEL TÍTULO
Título Inocencio III y el Sacro-Romano Imperio /
Mención de responsabilidad, etc. Alfonso Prieto Prieto.
260 ## - PUBLICACIÓN, DISTRIBUCIÓN, ETC.
Lugar de publicación, distribución, etc. León :
Nombre del editor, distribuidor, etc. Colegio Universitario,
Fecha de publicación, distribución, etc. 1982.
300 ## - DESCRIPCIÓN FÍSICA
Extensión XXIV, 420 p. ;
Dimensiones 21 cm.
710 00 - ENTRADA AGREGADA--NOMBRE DE ENTIDAD CORPORATIVA
Nombre de entidad corporativa o nombre de jurisdicción como elemento de entrada Colegio Universitario de León.
9 (RLIN) 2991
852 ## - LOCALIZACIÓN
Ubicación ES-MaACL
Número de control de estantería L-5502
Sublocalización o colección R.105456
Holdings
Estatus retirado Estado de pérdida Estado de daño No para préstamo Biblioteca de origen Biblioteca actual Ubicación en estantería Fecha de adquisición Fuente de adquisición Total de préstamos Signatura topográfica completa Código de barras Visto por última vez Precio de reemplazo Tipo de ítem Koha
        Biblioteca del Ateneo de Madrid Biblioteca del Ateneo de Madrid Depósito 2 17/01/2008     L-5502 1127518 23/02/2023 23/02/2023 Libro impreso